000 01137nam a2200229 i 4500
001 162806
003 ES-MaACL
005 20240523063048.0
008 050629m18401845sp a |||| | spa d
040 _aCAM
_bspa
_cCAM
100 1 _aQuevedo, Francisco de,
_d1580-1645
_994591
245 1 0 _aObras de Francisco de Quevedo y Villegas.
250 _aEd. il. con notas y grabados
_bpublicada po Basilio Sebastian Castellanos y los artistas Vicente Castelló y Antonio Rotondo.
260 _aMadrid :
_b[s.n.],
_c1840-1845 (
_fImprenta de Mellado)
300 _a5 v. :
_bil. ;
_c21 cm.
596 _aT.I-II: Imprenta de Mellado -- T.III: Imprenta de Enrique Trujillo -- T.IV: Imprenta y Establecimiento de grabados de Vicente Castelló -- T.V: Imprenta de Enrique Trujillo.
597 _aT.I, 1840 ( 444 p.) -- T.II, 1841 (388 p.) -- T.III, 1843 (400 p.) -- T.IV, 1845 (411 p.) -- T.V, 1843, Poesías escojidas [sic] (374 p.)
599 _aNumerosas il. intercaladas en el texto.
599 _aEn el t. V, h. de grab. calc., retrato del autor.
852 _aES-MaACL
_jG-12342-46
_z-- Enc. hol.
999 _c162806
_d162806